The importance of being Earnest : a trivial play for serious people /

שמור ב:
מידע ביבליוגרפי
מחבר ראשי: Wilde, Oscar (Author)
מחברים אחרים: Hern, Patricia, Leeming, Glenda
פורמט: ספר
שפה:אנגלית
יצא לאור: London : Methuen, 1983
תגים: הוספת תג
אין תגיות, היה/י הראשונ/ה לתייג את הרשומה!

MARC

LEADER 00000nam a2200000 i 4500
001 IT\ICCU\RAV\0157117
003 ItRI
005 20260115231817.0
008 910914s1983 xxk|||||| ||||| |||||c
020 |a 0413396304 
040 |b ita  |c importazione bologna sebina 
041 7 |a eng  |2 ISO-639-2 
082 |a 822.8  |9 LETTERATURA DRAMMATICA INGLESE. 1837-1900  |2 20 
100 1 |a Wilde, Oscar  |0 IT\ICCU\CFIV\000261  |4 aut 
245 1 4 |a The importance of being Earnest :  |b a trivial play for serious people /  |c Oscar Wilde ; with a commentary and chronology by Patricia Hern ; and notes by Glenda Leeming. 
260 |a London :  |b Methuen,  |c 1983 
300 |a XXXVI, 83 p., \3!c. di tav. ;  |c 19 cm 
700 1 |a Hern, Patricia  |0 IT\ICCU\RAVV\063712 
700 1 |a Leeming, Glenda  |0 IT\ICCU\RAVV\063713 
790 0 |a C.3.3.  |3 IT\ICCU\BVEV\134340  |z Wilde, Oscar 
790 1 |a Wilde, Oscar Fingal OʼFlaherty Wills  |3 IT\ICCU\FERV\075121  |z Wilde, Oscar 
942 |2 ddc  |c BK  |n 0 
952 |0 0  |1 0  |4 0  |6 DOC_822_800000000000000_WIL  |7 0  |9 13205  |a BO  |b BO  |d 2026-01-15  |i 3481  |l 0  |o DOC 822.8 WIL  |p BO3481  |r 2026-01-15 23:18:17  |w 2026-01-15  |x [Sebina 5] [1 v.]  |y BK  |z 1 v. 
999 |c 11329  |d 11329